Skoczkowie narciarscy - Statystyki

Ogólne statystyki
  • Ten quiz został rozwiązany 151 razy
  • Średni wynik to 10 z 16
Answers on the Grid
Answers color-coded by a green-red scale on the quiz's grid according to % correct below.
Adam małysz
Mateusz gruszka
Janek kot
Milosz bachleda
Kamil stoch
Michał barski
Maciej kot
Kuba kot
Marian nowak
Paweł wąsek
Bartłomiej pompek
Kamil nowak
Cene prevc
Domen prevc
Peter prevc
Jan nowak
Halvor egg granerud
Jan habdas
Olek zniszczoł
Tomasz pielucha
Tomasz pilch
Filip antonim
Mateusz serwatek
Anze lanisek
Skibidi toilet
stefan hula
Dawid kubacki
Piotr żyła
Maciej mickiewicz
Ryoyu kupasrachi
 
Statystyki odpowiedzi
Odpowiedź % Poprawnych
Adam małysz
99%
Kamil stoch
81%
Paweł wąsek
77%
Maciej kot
76%
Peter prevc
73%
Cene prevc
72%
Domen prevc
72%
Kuba kot
61%
Dawid kubacki
53%
stefan hula
53%
Olek zniszczoł
51%
Piotr żyła
51%
Anze lanisek
47%
Jan habdas
46%
Tomasz pilch
45%
Mateusz gruszka
35%
Nie znaleziono quizów pasujących do podanych kryteriów
Rozkład punktacji
Procent ludzi z każdym wynikiem
Percentyl według liczby udzielonych odpowiedzi
Twoja historia wyników
Nie rozwiązałeś tego quizu